Arte hispánico en Colombia
में बचाया:
| मुख्य लेखक: | |
|---|---|
| स्वरूप: | पुस्तक |
| भाषा: | स्पेनिश |
| प्रकाशित: |
Bogotá
Dirección de Información y Propaganda del Estado
1955
|
| विषय: | |
| टैग: |
टैग जोड़ें
कोई टैग नहीं, इस रिकॉर्ड को टैग करने वाले पहले व्यक्ति बनें!
|
MARC
| LEADER | 00000nam a2200000 a 4500 | ||
|---|---|---|---|
| 001 | UCV9686 | ||
| 003 | CL-VaPUC | ||
| 008 | 930323e19550000CK |||||||||||||||||spa|d | ||
| 082 | 0 | 4 | |a 709.86 |b HER |2 21 |
| 100 | 0 | |a Hernández de Alba, Guillermo |e author |9 303706 | |
| 245 | 1 | 0 | |a Arte hispánico en Colombia |
| 300 | |a 51 p | ||
| 942 | |c BK | ||
| 945 | |d 19930323 00:00:00 | ||
| 260 | |a Bogotá |b Dirección de Información y Propaganda del Estado |c 1955 | ||
| 650 | 0 | |a Arte hispanoamericano |9 254856 | |
| 651 | 0 | |a Colombia |9 256424 | |
| 583 | |a last modification |c 19930323 00:00:00 |k Rodrigo Vera | ||
| 999 | |c 214987 |d 214985 | ||
| 952 | |0 0 |1 0 |4 0 |6 709_860000000000000_HER_1955 |7 0 |8 P |9 198863 |a BIBARQ |b BIBARQ |d 2019-11-14 |i 2662388 |o 709.86 HER 1955 |p 2662388 |r 2025-01-20 |w 2019-11-14 |y BK |k ARQ | ||